[Event "Chesscup Rapid 2020"]
[Site "Katowice"]
[Date "2020.09.13"]
[Round "3.9"]
[White "Redzisz, Michal"]
[Black "Sadzikowski, Daniel"]
[Result "0-1"]
[WhiteElo "2164"]
[BlackElo "2527"]
[Annotator "TA"]
[PlyCount "116"]
[EventDate "2020.09.12"]
[EventType "swiss"]
[EventCountry "POL"]
[SourceTitle "playchess.com"]
[Source "ChessBase"]
[SourceQuality "1"]

{[%evp 21,116,-2,-4,-28,-16,-22,-15,-41,-18,-21,-12,-28,-14,-10,0,0,0,-10,0,-9,0,-15,3,0,0,0,0,0,0,-41,-45,-77,-72,-78,-55,-87,-16,-28,-15,-15,-6,-9,-12,-23,-22,-124,-48,-128,-129,-136,-125,-160,-154,-227,-134,-266,-140,-128,-65,-306,-34,-363,-219,-632,-531,-540,-543,-493,-527,-545,-517,-545,-527,-372,-323,-331,-279,-279,-279,-7641,-6137,-5675,-5333,-29963,-29964,-29967,-29968,-29988,-29965,-29988,-29959,-29988,-29973,-29974,-29975,-29978,-29980]} 1. d4 Nf6 2. c4 e6 3. Nf3 d5 4. g3 Be7 5. Bg2 O-O 6. O-O Nbd7 7. Nbd2 b6 8. b3 Bb7 9. Bb2 c5 10. Rc1 Rc8 11. e3 Rc7 12. Qc2 {E17: Queen's Indian: 4 g3 Bb7 5 Bg2 Be7.} dxc4 13. bxc4 Qa8 {[#]} 14. Nh4 $146 {The position is equal.} ({Predecessor:} 14. Rfd1 Ne4 15. Ne5 Ng5 16. e4 cxd4 17. Bxd4 f6 18. Nxd7 Rxd7 19. Be3 f5 20. h4 {1-0 (31) Serrano Aspa,X (2150)-Nunez Lucero,F (2260) Spain 1999}) 14... Bxg2 15. Nxg2 Rfc8 16. Rfd1 $1 Qb7 17. Qb3 cxd4 18. exd4 Ne4 19. h4 Ndf6 20. Ne3 Nxd2 21. Rxd2 Ne4 22. Rdc2 Bf6 23. Ng4 h5 24. Nxf6+ Nxf6 25. a3 Qe4 26. Qe3 Qxe3 27. fxe3 Ne4 28. Kg2 Nd6 (28... f5 $17) 29. c5 $11 Nb7 30. Kf3 f6 31. a4 bxc5 32. Ba3 c4 33. e4 (33. Bb4 $11) 33... Kf7 (33... Na5 $1 $17 34. Rc3 Nb3) 34. Ke3 (34. Bb4 $15) 34... Na5 $17 35. Rb1 Nb3 36. Bd6 Rb7 37. Ba3 {[#]} (37. Rc3 $17 {might work better.}) 37... a5 (37... c3 $1 $19 38. Rd1 f5 39. exf5 exf5) 38. d5 {[#]} (38. Rc3 $17 {was worth a try.}) 38... exd5 (38... c3 $1 $19 39. Kf2 Rc4) 39. exd5 Ke8 (39... Re8+ $17 40. Kf2 Re4) 40. Kf4 $2 (40. Re2 $15) 40... Kd7 $2 (40... c3 $19 {Hoping for ...Rc4+.} 41. Rd1 Rc4+ 42. Ke3 Rxa4) 41. d6 $2 {[%mdl 8192]} ({White should try} 41. Re2 $1 $15 Rb4 42. Bxb4 axb4 43. a5) 41... Nc5 42. Rd1 $2 (42. Rxb7+ Nxb7 43. Ke4) 42... Nd3+ 43. Kf5 Rb3 44. Bc1 Nxc1 45. Rdxc1 Rxg3 {( -> ...Rg4)} 46. Rxc4 Rxc4 47. Rxc4 $19 {[%mdl 4096] Endgame KR-KR} Rg4 48. Rc7+ Kxd6 49. Ra7 Rxa4 50. Rxg7 $2 (50. Kg6) 50... Rxh4 51. Ra7 a4 {[%cal Ba5a4,Ba4a3][%mdl 32]} 52. Kxf6 Rc4 {Black mates.} 53. Kg5 h4 54. Ra5 Kc6 55. Rf5 Kb6 56. Re5 a3 57. Re2 Ra4 58. Ra2 h3 {Accuracy: White = 43%, Black = 67%.} 0-1

[Event "Chesscup Rapid 2020"]
[Site "Katowice"]
[Date "2020.09.13"]
[Round "3.10"]
[White "Teclaf, Pawel"]
[Black "Gardian, Adam"]
[Result "1-0"]
[WhiteElo "2464"]
[BlackElo "1859"]
[Annotator "TA"]
[PlyCount "57"]
[EventDate "2020.09.12"]
[EventType "swiss"]
[EventCountry "POL"]
[SourceTitle "playchess.com"]
[Source "ChessBase"]
[SourceQuality "1"]

{[%evp 9,57,6,25,29,29,23,33,17,17,16,20,28,36,4,28,17,34,10,28,14,172,170,171,164,173,172,211,212,231,220,314,277,303,247,276,225,476,454,464,450,493,490,472,489,614,612,960,618,1004,1001]} 1. h3 d5 2. e3 Nf6 3. Nf3 c6 4. b3 Bf5 5. Bb2 e6 {[#]} 6. Nh4 $146 {A00: Irregular Openings.} ({Predecessor:} 6. c4 Be7 7. Be2 h6 8. O-O Nbd7 9. Re1 O-O 10. d4 Nb6 11. c5 Nbd7 12. Nh4 {0-1 (47) Assagba,K (1472)-Bodjona,A Lome 2016}) 6... Bg6 7. d3 Nbd7 8. Nd2 {White is slightly better.} Bd6 9. Be2 Qe7 10. a3 Be5 11. d4 Bd6 12. c4 a5 13. O-O Be4 14. f3 Ng4 $2 {[#] Loses the game.} (14... Bf5 $11 {and Black is okay.}) 15. fxe4 ({Not} 15. fxg4 Qxh4 16. Nxe4 dxe4 $11) 15... Nxe3 16. Qe1 Nxf1 17. Bxf1 g5 18. Nhf3 h5 19. exd5 g4 (19... cxd5 $142 20. cxd5 exd5 21. Nxg5 Rg8) 20. dxe6 fxe6 21. c5 Bf4 22. d5 Qxc5+ $2 (22... gxf3 {is a better defense.} 23. Bxh8 fxg2) 23. Bd4 $18 {White is clearly winning.} Qxd5 {[#] ...Bxd2 is the strong threat.} 24. Bxh8 gxf3 25. Nxf3 O-O-O 26. Bc4 Qf5 27. Bxe6 Qf8 28. Bd4 c5 29. Be5 {Accuracy: White = 79%, Black = 44%.} 1-0

[Event "Chesscup Rapid 2020"]
[Site "Katowice"]
[Date "2020.09.13"]
[Round "4.1"]
[White "Golubka, Petro"]
[Black "Socko, Bartosz"]
[Result "1/2-1/2"]
[WhiteElo "2488"]
[BlackElo "2601"]
[Annotator "TA"]
[PlyCount "107"]
[EventDate "2020.09.12"]
[EventType "swiss"]
[EventCountry "POL"]
[SourceTitle "playchess.com"]
[Source "ChessBase"]
[SourceQuality "1"]

{[%evp 11,107,0,23,32,33,17,25,33,35,27,25,31,35,14,31,30,20,18,29,0,-16,-5,-4,-13,38,42,39,36,67,51,49,68,60,58,48,41,50,64,55,91,110,-50,-57,-48,-4,-8,-25,-52,0,-5,-1,-8,-1,-46,0,0,0,0,0,0,0,0,0,-8,0,-172,-165,-150,-147,-120,-117,-134,-143,-122,-22,-43,0,0,0,0,0,0,0,0,0,0,0,0,0,0,0,0,0,0,0,0,0,-8]} 1. e4 c6 2. Nc3 d5 3. Nf3 Bg4 4. h3 Bxf3 5. Qxf3 e6 6. d4 dxe4 7. Qxe4 {B11: Caro-Kann: Two Knights Variation.} Nf6 8. Qd3 Na6 {[%cal Bb8a6,Ba6c7,Bc7d5,Bd5f4][%mdl 32]} 9. a3 {White has an edge.} Be7 10. Be2 O-O 11. O-O Nc7 {[#]} 12. Rd1 $146 ({Predecessor:} 12. Bf3 Ncd5 13. Ne2 Qd7 14. c4 Nb6 15. Rd1 Rfd8 16. Bf4 Qe8 17. Qb3 Rd7 18. a4 {1-0 (24) Solodovnichenko,Y (2567)-Albers,S (2114) Leiden 2020}) 12... Qd7 13. Bf3 Rad8 14. Qe2 Ncd5 15. Na4 b5 16. Nc5 Bxc5 17. dxc5 Qc7 (17... Qe7 $11) 18. Bg5 $14 h6 19. Bh4 Nf4 20. Qe1 g5 21. Bg3 e5 22. Bxf4 gxf4 23. Qc3 Rfe8 24. Rxd8 Rxd8 25. Re1 Rd4 26. Bg4 $2 ({White should try} 26. b4 $16) 26... Nxg4 $15 27. hxg4 {[%mdl 4096] Endgame KQR-KQR} f6 28. Qf3 Qd7 29. b4 Qd5 (29... Kg7 $15) 30. Qxd5+ Rxd5 $11 {KR-KR} 31. f3 Kf7 32. Ra1 Ke6 33. a4 a6 34. axb5 axb5 35. Ra6 Rd1+ 36. Kh2 Kd5 37. Ra8 Rc1 38. Rd8+ $2 (38. Rf8 $11 {and White is okay.}) 38... Kc4 $19 39. Rd6 Kxb4 40. Rxc6 Rxc2 41. Rxf6 Kxc5 {[#] aiming for ...b4.} 42. Rxh6 e4 (42... b4 $17 {Threatens to win with ...b3.} 43. g5 {[#]} e4 $1 {[%mdl 512]}) 43. fxe4 $11 f3 {...f2 is the strong threat.} 44. Rf6 {The position is equal.} Rxg2+ 45. Kh3 Re2 46. Rxf3 Rxe4 47. g5 b4 48. g6 Re8 49. Kg4 Kc4 50. Kg5 b3 51. Rxb3 Kxb3 52. g7 $1 Rg8 53. Kf6 Rxg7 54. Kxg7 {Accuracy: White = 85%, Black = 78%.} 1/2-1/2

[Event "Chesscup Rapid 2020"]
[Site "Katowice"]
[Date "2020.09.13"]
[Round "4.2"]
[White "Piorun, Kacper"]
[Black "Teclaf, Pawel"]
[Result "0-1"]
[WhiteElo "2596"]
[BlackElo "2464"]
[Annotator "TA"]
[PlyCount "66"]
[EventDate "2020.09.12"]
[EventType "swiss"]
[EventCountry "POL"]
[SourceTitle "playchess.com"]
[Source "ChessBase"]
[SourceQuality "1"]

{[%evp 9,66,8,11,0,18,15,9,7,62,40,54,56,89,79,83,0,31,39,60,63,56,60,53,64,81,46,69,47,59,70,60,-25,0,-14,-8,-107,-103,-152,-149,-283,-269,-238,-224,-228,-229,-224,-219,-223,-219,-171,-147,-473,-413,-29989,-29990,-29990,-1870,-29989,-996]} 1. d4 Nf6 2. Nf3 g6 3. g3 Bg7 4. Bg2 d5 5. O-O O-O 6. a4 {[%cal Ba2a4,Ba4a5][%mdl 32] D02: 1 d4 d5 2 Nf3 sidelines, including 2...Nf6 3 g3 and 2...Nf6 3 Bf4.} b6 {[#]} 7. c4 $146 ({Predecessor:} 7. b4 Nbd7 8. Nbd2 c5 9. bxc5 bxc5 10. Ba3 Ne4 11. Nxe4 dxe4 12. Ng5 Bxd4 13. Rc1 f5 14. c3 Ne5 15. cxd4 cxd4 16. Qb3+ {1-0 (16) Kurki Suonio,M-Paavilainen,T Finland 1992}) 7... Bb7 8. Ne5 {The position is equal.} Nc6 (8... Qc8 $11) 9. Nc3 $14 {[%cal Rc4d5]} Nb4 10. a5 c5 11. dxc5 $1 bxc5 {[#]} 12. Nd3 (12. a6 $1 $16 {[%cal Ra6b7][%mdl 512]} Bxa6 (12... Nxa6 13. cxd5) 13. cxd5) 12... Nxd3 (12... dxc4 $5 {[%cal Rb7g2]} 13. Bxb7 cxd3 $14) 13. Qxd3 {[%cal Rc4d5]} Ba6 14. Nxd5 Nxd5 15. Bxd5 Rb8 16. Qc2 Rb4 17. Rd1 {Strongly threatening Bxf7+!} Qc8 18. Ra4 e6 $1 {[%cal Re6d5]} 19. Bf3 $1 Bxc4 {White must now prevent ...Bb3.} 20. Ra3 ({Better is} 20. Rxb4 $14 cxb4 21. Be3) 20... Qb8 {Threatens to win with ...Bb3.} 21. Rd7 $1 Bb3 22. Qxc5 (22. Rxb3 $1 $11 {keeps the balance.} Rxb3 23. a6) 22... Rc4 $1 $17 {[%cal Rc4c5]} 23. Qe3 Qc8 24. Qxb3 (24. Ra1 $17 {might work better.} Qxd7 25. Qxb3) 24... Rxc1+ $19 25. Rd1 Bxb2 26. Ra2 Qc3 27. Qa4 Rd8 $1 {[%cal Rd8d1]} 28. Rxc1 Qxc1+ 29. Kg2 Rd1 $1 $40 {[%cal Rd1g1][%mdl 128] Black attacks with force.} 30. Qe8+ $2 {[%mdl 8192] This costs White the game.} (30. Kh3 $17 {was called for.} Rg1 31. Bg2) 30... Kg7 {( -> ...Rg1+)} 31. Qb5 (31. h4 $19 Rh1 32. Bg4 Qf1+ 33. Kf3) 31... Rg1+ 32. Kh3 Qh6+ (32... Qf1+ $142 33. Kh4 Bf6+ 34. Kg4 e5 35. Be4 Qxf2 36. e3 Qxa2 37. Bxg6 hxg6 38. Qf1 Qxh2 39. Kf3 Rxf1+ 40. Ke4 Qc2+ 41. Kd5 Rd1#) 33. Bh5 Bf6 {Accuracy: White = 45%, Black = 75%.} (33... e5 $142 34. Qb4 Qxh5+ {[%mdl 64] Double Attack} 35. Qh4 Qxe2 36. Qg4 Qxf2 37. Qe4 Qf1+ 38. Kh4 f5 39. Ra1 {[#]} Qf2 $1 {[%mdl 512]} 40. Qb7+ Kh6 $1 {[%mdl 512]} 41. Qxh7+ Kxh7 42. Kg5 Kg7 43. Rxg1 Qxh2 44. g4 Qh6#) 0-1

[Event "Chesscup Rapid 2020"]
[Site "Katowice"]
[Date "2020.09.13"]
[Round "4.3"]
[White "Sadzikowski, Daniel"]
[Black "Miton, Kamil"]
[Result "1/2-1/2"]
[WhiteElo "2527"]
[BlackElo "2590"]
[Annotator "TA"]
[PlyCount "152"]
[EventDate "2020.09.12"]
[EventType "swiss"]
[EventCountry "POL"]
[SourceTitle "playchess.com"]
[Source "ChessBase"]
[SourceQuality "1"]

{[%evp 18,152,42,35,34,29,22,27,37,33,76,66,56,76,83,31,54,50,51,56,66,69,73,28,39,40,66,0,0,0,8,0,0,0,18,24,20,0,0,0,0,0,0,-14,-22,-6,0,0,0,0,12,0,73,0,16,0,0,0,24,24,24,25,24,-9,24,25,25,25,189,0,0,0,0,0,0,0,0,0,0,0,0,0,0,0,0,0,0,-1386,-1486,-1314,-1021,-1729,-603,-1597,-588,-1506,-1300,-29972,-29973,-29973,-29974,-29971,-29974,-29975,-29976,-29974,0,0,0,0,0,0,0,0,0,0,0,0,0,0,0,0,0,0,0,0,0,0,0,0,0,0,0,0,0,0,29981]} 1. e4 c5 2. Nf3 Nc6 3. Nc3 d6 4. d4 cxd4 5. Nxd4 Nf6 6. f3 e5 7. Nb3 Be7 8. Be3 a5 9. Bb5 O-O 10. Qd2 Na7 {B56: Classical Sicilian: Unusual Lines.} 11. Bxa7 Rxa7 12. a4 Be6 {White has an edge.} 13. O-O-O Ne8 {...Bg5 is the strong threat.} 14. Kb1 Nc7 15. Qe2 {[#]} Qb8 $146 ({Predecessor:} 15... Nxb5 16. Qxb5 Bd7 17. Qe2 Ra6 18. Nd2 Qe8 19. Nb5 Rb6 20. Nc7 Qd8 21. Nd5 Bxa4 22. Nxb6 Qxb6 {0-1 (55) Kralj,N (1841)-Vidic,T (2102) Radenci 2019}) 16. Bc4 ({Better is} 16. Nd2 $16) 16... Rd8 17. Bxe6 fxe6 18. Nb5 Nxb5 19. Qxb5 Qc7 20. Nc1 (20. f4 $5) 20... Rc8 21. Qb3 Qc4 22. Na2 (22. Qxc4 $14 Rxc4 23. b3) 22... Qxb3 $11 23. cxb3 Ra6 24. Nc3 Rac6 25. Nb5 {Black should prevent Na7.} Rd8 26. Rhe1 Kf7 27. Rd3 Kf6 28. Red1 h5 29. R3d2 h4 30. Na3 (30. Rd3 {keeps more tension.} g6 31. R3d2 g5 32. Rd3 Rb6 33. Ka2) 30... d5 31. exd5 exd5 32. Rxd5 Rxd5 33. Rxd5 Bxa3 34. bxa3 {[%mdl 4096] Endgame KR-KR} b6 (34... Rc3 $11 {remains equal.}) 35. Kb2 (35. b4 $1 $16) 35... Kf5 36. b4 Rg6 37. Rd2 ({Don't play} 37. bxa5 Rxg2+ 38. Kb3 bxa5 $17) 37... e4 38. fxe4+ Kxe4 39. Kb3 {Threatens to win with Kc4.} Ke3 40. Rb2 Kd3 41. Rf2 Rf6 42. Rc2 g5 $2 (42... Rg6 $11 {and Black has nothing to worry.}) 43. Rc4 $2 (43. bxa5 $1 $18 {Hoping for a6.} bxa5 44. Rc5) 43... Rf2 44. Rg4 Rf5 45. h3 Ke3 46. g3 hxg3 47. Rxg3+ Rf3 48. Rg4 Rxh3 {aiming for ...Kf3.} 49. Rc4 {And now Rc3+ would win.} Kd2+ 50. Kb2 Rh6 51. Rd4+ Ke3 52. Rg4 $2 {[%mdl 8192]} (52. Rc4 $11) 52... Rg6 $19 53. Kc3 Kf3 $1 {[%cal Rf3g4]} 54. Rg1 {[#]} g4 $1 {[%cal Rg4g3]} 55. Kc4 Kf2 (55... Rg5 $142 56. Rf1+ Ke3) 56. Rd1 {and the idea Kb5 leaves White hopeful.} Rg5 57. Rd2+ Ke3 58. Rd3+ Ke2 59. Rg3 Kf2 60. Rxg4 Rxg4+ {KR-K3P} 61. Kb5 Rg6 $2 (61... Ke3 {mates} 62. bxa5 bxa5 63. Kxa5 Kd4 64. Kb5 Rg5+ 65. Kb4 Kd5 66. a5 Kc6 67. a4 Rg4+ 68. Kb3 Kb7 69. Kc2 Ka6 70. Kb3 Kxa5 71. Kc3 Kxa4 72. Kd2 Rg3 73. Kc2 Kb4 74. Kd2 Kb3 75. Ke1 Kc3 76. Ke2 Rd3 77. Ke1 Rd2 78. Kf1 Kd3 79. Ke1 Ke3 80. Kf1 Kf3 81. Kg1 Rd3 82. Kh1 Kg3 83. Kg1 Rd1#) 62. bxa5 $11 {The position is equal.} bxa5 63. Kxa5 {KR-KPP} Ke3 64. Kb5 Kd4 65. a5 Rg5+ 66. Kb6 $1 Rg6+ 67. Kb5 Rg5+ 68. Kb6 $1 Kc4 69. a6 Rg6+ 70. Kb7 $1 Kb5 {[#] ( -> ...Rg7+)} (70... Kc5 $5 71. a7 $8 Rb6+ 72. Kc7 {[#]} Ra6 $1 $11 {[%mdl 512]}) 71. a4+ $1 {[%mdl 512]} Ka5 (71... Kxa4 $5 72. a7 $8 Rg8 $11) 72. a7 Rg7+ 73. Kb8 Rg8+ (73... Kb6 $5 74. a5+ $8 Kb5 $11) 74. Kb7 Rg7+ 75. Kb8 Rg8+ 76. Kb7 Rg4 $2 {[%mdl 40960] Never resign too early! Accuracy: White = 71%, Black = 87%. . An unexpected result.} (76... Kxa4 $11 77. a8=Q+ Rxa8 78. Kxa8) 1/2-1/2

[Event "Chesscup Rapid 2020"]
[Site "Katowice"]
[Date "2020.09.13"]
[Round "4.4"]
[White "Socko, Monika"]
[Black "Janik, Igor"]
[Result "0-1"]
[WhiteElo "2404"]
[BlackElo "2470"]
[Annotator "TA"]
[PlyCount "54"]
[EventDate "2020.09.12"]
[EventType "swiss"]
[EventCountry "POL"]
[SourceTitle "playchess.com"]
[Source "ChessBase"]
[SourceQuality "1"]

{[%evp 13,54,26,44,14,13,12,11,16,32,-8,18,12,6,0,34,7,11,12,18,17,22,18,15,11,16,0,0,-130,-126,-104,-113,-274,-297,-436,-422,-579,-576,-566,-558,-554,-521,-29992,-29993]} 1. d4 Nf6 2. c4 e6 3. Nf3 Bb4+ 4. Bd2 c5 5. g3 b6 6. Bg2 Bb7 7. O-O O-O 8. Nc3 {E16: Queen's Indian: 4 g3 Bb7 5 Bg2 Bb4+.} cxd4 9. Nxd4 Bxg2 10. Kxg2 {The position is equal.} Qc8 11. Qb3 Na6 12. Rac1 Qb7+ {[#]} 13. f3 $146 ({Predecessor:} 13. Kg1 Rac8 14. Rfd1 Be7 15. Bg5 Nc7 16. Ncb5 Nce8 17. Qf3 Qxf3 18. Nxf3 a6 19. Nbd4 {0-1 (89) Opanasenko,M (2197)-Afanasiev,N (2473) St Petersburg 2018}) 13... Rac8 14. a3 Be7 15. e4 Rfd8 16. Rfd1 d6 17. Be3 h6 18. Qa2 Nc5 {[%cal Ba6c5,Bc5d7,Bd7e5][%mdl 32]} 19. b4 Ncd7 20. Bf4 {[#]} (20. Qe2 $11) 20... g5 $1 $17 21. Be3 Ne5 22. c5 $2 {This move loses the game for White.} (22. h3 $17) 22... dxc5 $19 23. Nxe6 (23. bxc5 $142 Bxc5 24. h3) 23... Rxd1 (23... fxe6 24. Qxe6+ Nf7 25. Rxd8+ Rxd8 26. bxc5 $17) 24. Rxd1 cxb4 ({Stronger than} 24... fxe6 25. Qxe6+ Nf7 26. e5 $15) 25. Nd5 Nxd5 26. exd5 fxe6 27. d6 Qxf3+ {[%mdl 64] Double Attack. Accuracy: White = 44%, Black = 87%.} 0-1

[Event "Chesscup Rapid 2020"]
[Site "Katowice"]
[Date "2020.09.13"]
[Round "4.5"]
[White "Klekowski, Maciej"]
[Black "Nasuta, Grzegorz"]
[Result "0-1"]
[WhiteElo "2511"]
[BlackElo "2553"]
[Annotator "TA"]
[PlyCount "110"]
[EventDate "2020.09.12"]
[EventType "swiss"]
[EventCountry "POL"]
[SourceTitle "playchess.com"]
[Source "ChessBase"]
[SourceQuality "1"]

{[%evp 16,110,0,0,0,-7,0,-20,-15,-52,-22,-29,-40,-38,13,-44,-13,-19,0,0,0,0,0,0,0,-1,-4,-5,-5,-5,0,0,0,0,0,-16,-17,-20,-14,-21,-5,-14,0,0,0,-8,-4,-2,-4,-21,-9,-14,-20,-20,0,0,2,0,0,0,22,22,22,22,22,22,22,22,22,0,23,0,0,-88,-76,-320,-289,-719,-689,-29977,-29978,-29978,-29979,-29979,-29980,-29982,-612,-29983,-29984,-29984,-29985,-29987,-29988,-29988,-29989,-29989,-29984]} 1. c4 c6 2. Nf3 d5 3. b3 Nf6 4. Bb2 Bf5 5. d3 e6 6. g3 Be7 7. Bg2 h6 8. O-O O-O 9. Nc3 Bh7 {A12: English Opening: 1...c6 with b3 by White.} 10. Rc1 Nbd7 11. Re1 Re8 {The position is equal.} 12. Rc2 {[#]} Qa5 $146 ({Predecessor:} 12... Bf8 13. Qa1 dxc4 14. bxc4 e5 15. Nd2 Nc5 16. Rcc1 Qc7 17. Nb3 Nfd7 18. Red1 a5 {0-1 (26) Perez Garcia,R (2406)-Istratescu,A (2612) Barcelona 2006}) 13. Qd2 {Threatening Nxd5.} dxc4 14. bxc4 Bf8 (14... Qc7 $15) 15. Rb1 ({Only move:} 15. Ne4 $1 $11 Bb4 16. Bc3 Bxc3 17. Nxf6+ Nxf6 18. Qxc3 Qxc3 19. Rxc3) 15... e5 16. Nd5 Qxd2 17. Nxf6+ Nxf6 18. Nxd2 e4 19. dxe4 Nxe4 20. Nxe4 Rxe4 21. Bxe4 Bxe4 22. Rcc1 Bxb1 23. Rxb1 $11 {[%mdl 4096] Endgame KRB-KRB} Rd8 24. Bc3 b6 25. f3 Bc5+ 26. Kf1 f6 27. a4 Kf7 28. a5 h5 29. axb6 axb6 30. Bb4 Bxb4 31. Rxb4 {KR-KR} Rb8 32. Ke1 Ke6 33. c5 b5 34. Rd4 $1 Ke7 35. Rd6 Rc8 36. h4 Rc7 37. e4 Rc8 38. Ke2 Rc7 39. Ke3 Rc8 40. f4 Rc7 41. Ke2 Rc8 42. Ke3 Rc7 43. f5 Rc8 44. e5 (44. Ke2 $11) 44... fxe5 $17 45. Ke4 $2 {[#] This costs White the game.} (45. Re6+ $17 Kf7 46. Kd2) 45... b4 $1 $19 {[%cal Bb5b4,Bb4b3,Bb3b2][%mdl 32]} 46. Rd3 $2 (46. g4 hxg4 47. Rg6) 46... Rb8 47. Kxe5 {If White can now play Rb3 this consolidates a bit.} b3 48. Rd1 b2 49. Rb1 Rb4 50. f6+ gxf6+ 51. Kf5 Kf7 {Black mates.} 52. g4 hxg4 53. h5 g3 54. h6 g2 55. h7 Kg7 {Accuracy: White = 75%, Black = 92%.} 0-1

[Event "Chesscup Rapid 2020"]
[Site "Katowice"]
[Date "2020.09.13"]
[Round "4.6"]
[White "Krasenkow, Michal"]
[Black "Goraj, Barbara"]
[Result "1-0"]
[WhiteElo "2605"]
[BlackElo "2078"]
[Annotator "TA"]
[PlyCount "69"]
[EventDate "2020.09.12"]
[EventType "swiss"]
[EventCountry "POL"]
[SourceTitle "playchess.com"]
[Source "ChessBase"]
[SourceQuality "1"]

{[%evp 18,69,33,34,52,47,76,39,29,24,225,220,224,200,225,191,355,358,357,352,327,354,381,378,413,414,393,387,387,368,427,414,424,413,419,408,514,506,570,552,617,578,721,730,958,958,1881,1097,12837,12837,29998,29981,29981,29982]} 1. c4 e5 2. Nc3 Nf6 3. Nf3 Nc6 4. e3 d5 5. cxd5 Nxd5 6. Bb5 Nxc3 7. bxc3 Bd6 8. d4 exd4 9. cxd4 O-O 10. O-O Bg4 {A28: English Opening: Four Knights Variation.} 11. h3 {[#]} Bf5 $146 ({Predecessor:} 11... Bh5 12. Bb2 Ne7 13. Be2 c5 14. e4 Qb6 15. Rb1 Bg6 16. dxc5 Qxc5 17. Rc1 Qb6 18. Bd4 {0-1 (52) Harika,D (2504)-Javakhishvili,L (2449) Riadh 2017}) 12. Bb2 (12. Bd3 $5 {[%cal Rd3f5]} Qd7 13. Bxf5 Qxf5 14. Bd2 $14) 12... Nb4 {White is slightly better.} 13. a3 Nc2 $2 {This move loses the game for Black.} (13... c6 $11) 14. Rc1 $18 Nxa3 15. Bd3 Be6 {[#]} 16. Rc3 $1 Bb4 $2 (16... Qe7 {is a better defense.} 17. Qa1 b5) 17. Rxa3 ({Weaker is} 17. Bxa3 Bxc3 18. Qc2 Ba5 $16) 17... Bxa3 18. Bxa3 Re8 19. Qb1 g6 20. Qxb7 Rb8 {[%cal Ba8b8,Bb8b3,Bb3c3][%mdl 32]} 21. Qxa7 Rb3 22. Bc2 Rc3 23. Rc1 Qd5 {[#] Hoping for ...Ra8.} 24. Bb2 Ra8 25. Qxa8+ Qxa8 26. Bxc3 Qa3 27. Bd2 Qb2 28. Be4 Qb6 29. Rc6 Qb8 30. Ba5 f5 31. Bxc7 Qb7 32. Rxe6 fxe4 33. Ng5 h6 34. Rxg6+ Kf8 35. Bd6+ {Accuracy: White = 91%, Black = 33%.} 1-0

[Event "Chesscup Rapid 2020"]
[Site "Katowice"]
[Date "2020.09.13"]
[Round "4.7"]
[White "Kazmierowski, Tymon"]
[Black "Jakubowski, Krzysztof"]
[Result "0-1"]
[WhiteElo "1970"]
[BlackElo "2481"]
[Annotator "TA"]
[PlyCount "106"]
[EventDate "2020.09.12"]
[EventType "swiss"]
[EventCountry "POL"]
[SourceTitle "playchess.com"]
[Source "ChessBase"]
[SourceQuality "1"]

{[%evp 10,106,54,12,24,4,4,4,10,0,0,0,0,-31,0,-13,0,5,17,12,26,-27,7,0,0,8,0,-231,-212,-220,-232,-226,-215,-201,-133,-136,-137,-164,-168,-143,-148,-229,-231,-243,-199,-241,-212,-214,-141,-151,-108,-240,-239,-241,-227,-229,-211,-233,-232,-227,-204,-225,-203,-308,-264,-358,-356,-366,-366,-414,-408,-384,-281,-278,-264,-279,-290,-436,-424,-696,-681,-772,-758,-845,-864,-859,-865,-1169,-1144,-29997,-1152,-5189,-1493,-29968,-1104,-29995,-29991,-29991,-29991]} 1. d4 Nf6 2. c4 e6 3. Nf3 b6 4. a3 Bb7 5. Nc3 g6 6. Bg5 h6 $1 {[%mdl 4] is now more promising than 6...Bg7. E12: Queen's Indian: Unusual White 4th moves, 4 a3, 4 Nc3 Bb7 5 a3 and 4 Nc3 Bb7 .} 7. Bxf6 Qxf6 8. e4 d6 {The position is equal.} 9. Be2 Nd7 {[#]} 10. O-O $146 ({Predecessor:} 10. Rg1 Bg7 11. Qd2 O-O 12. g4 Rad8 13. h4 Qe7 14. O-O-O c5 15. d5 exd5 16. exd5 {0-1 (28) Ten Have,D (1365)-Baselmans,L (1762) Rotterdam 2016}) 10... Bg7 11. Re1 O-O 12. Qd2 g5 {[#] Hoping for ...g4.} 13. h3 Rfd8 14. Rad1 Nf8 15. e5 (15. Nh2 $142) 15... dxe5 16. Nxe5 c5 17. Bh5 Rxd4 18. Qe2 $2 (18. Qc2 $11 {and White has nothing to worry.}) 18... Qxe5 $1 $19 19. Qxe5 Bxe5 20. Rxe5 Rxc4 21. Nb5 Rf4 22. g3 Rf6 23. Re2 Bf3 24. Bxf3 Rxf3 25. Red2 (25. Nc3 $17) 25... Rb3 26. Nd6 Kg7 27. Kg2 a5 28. Rc2 h5 29. Ne4 Kg6 30. Nc3 {White does not recover from this.} (30. Rd6 $17) 30... Nh7 31. Na2 a4 32. Nc1 Rb5 33. Rd6 Nf6 34. Nd3 Kg7 35. Ne5 Rb3 36. Rc6 (36. Nf3 $142) 36... Ra7 37. Rd2 Nd5 38. Nc4 h4 39. Rc8 hxg3 40. fxg3 Ne3+ 41. Nxe3 Rxe3 {[%mdl 4096] Endgame KRR-KRR} 42. Rb8 Rb3 43. Kf2 (43. Rc8 {is a better defense.}) 43... Ra5 44. Rdd8 (44. Re2 $142) 44... Rxb2+ 45. Kf3 Rab5 46. Kg4 R5b3 47. h4 gxh4 48. gxh4 Rxa3 {[#] And now ...Rb4+ would win.} 49. h5 Rg2+ (49... Rb4+ $142 50. Rd4 Rxd4+ 51. Kg5 Rg3#) 50. Kf4 Rf2+ 51. Kg4 Kf6 (51... Rb2 $142 52. Rg8+ Kf6 53. Kh4 Rb4+ 54. Rg4 Ra1 55. h6 a3 56. h7 Rh1+ 57. Kg3 Rxh7 58. Ra8 Rh1 59. Rgg8 Rb2 60. Rh8 Rg1+ 61. Kf4 a2 62. Rh3 a1=Q 63. Rxa1 Rxa1 64. Rh6+ Ke7 65. Rh4 Rb4+ 66. Kg5 Rg1+ 67. Kh5 Rd4 68. Rxd4 cxd4 69. Kh4 d3 70. Kh5 d2 71. Kh6 d1=Q 72. Kh7 Qh5#) 52. h6 Rg2+ 53. Kf4 Rh2 {Accuracy: White = 49%, Black = 78%.} 0-1